The far horizons of scripture. (Record no. 2618)

000 -LEADER
fixed length control field 00554nam a2200181 a 4500
001 - CONTROL NUMBER
control field :::00000343$&:&@@
003 - CONTROL NUMBER IDENTIFIER
control field OkBaRHE
005 - DATE AND TIME OF LATEST TRANSACTION
control field 20091215193915.0
008 - FIXED-LENGTH DATA ELEMENTS--GENERAL INFORMATION
fixed length control field s1942 j 000 0 eng u
040 ## - CATALOGING SOURCE
Transcribing agency
100 1# - MAIN ENTRY--PERSONAL NAME
Personal name Gouwens, Teunis E.
245 14 - TITLE STATEMENT
Title The far horizons of scripture.
260 ## - PUBLICATION, DISTRIBUTION, ETC. (IMPRINT)
Place of publication, distribution, etc New York, NY., :
Name of publisher, distributor, etc Fleming H. Revell Company
Date of publication, distribution, etc c1942
300 ## - PHYSICAL DESCRIPTION
Extent 160 p. ;
Dimensions 19 cm.
650 ## - SUBJECT ADDED ENTRY--TOPICAL TERM
Topical term or geographic name as entry element Missions
General subdivision Biblical teaching.
942 ## - ADDED ENTRY ELEMENTS (KOHA)
Source of classification or shelving scheme
Koha item type Books
Copies
Lost status Date acquired Permanent Location Copy number Full call number Withdrawn status Date last seen Shelving location Not for loan Damaged status Source of classification or shelving scheme Price effective from Koha item type Barcode
 2010-04-14RHEMA Bible Training College1BV 2073 .G6 2010-04-14General Stacks   2010-04-14Books343